Generic programming and the STL: using and extending the C++ (Record no. 30443)

MARC details
000 -LEADER
fixed length control field 00454nam a2200169Ia 4500
020 ## - INTERNATIONAL STANDARD BOOK NUMBER
ISBN 0- 201- 30956 -4
050 ## - CALL MARK
Classification number QA 76.73.C153 .A97/
100 ## - STATEMENT OF RESPONSIBILITY--MAIN AUTHOR NAME
Personal name Matthew H. Austern
245 #0 - TITLE STATEMENT
Title Generic programming and the STL: using and extending the C++
260 ## - PUBLICATION, DISTRIBUTION, ETC. (IMPRINT)
Name of publisher Addison Wesley
260 ## - PUBLICATION, DISTRIBUTION, ETC. (IMPRINT)
Year of publication 1998
300 ## - PHYSICAL DESCRIPTION
Number of Pages 548 p
650 ## - SUBJECT ADDED ENTRY--TOPICAL TERM
Topical Term Standard template library
942 ## - ADDED ENTRY ELEMENTS (KOHA)
Koha item type Books
Holdings
Withdrawn status Lost status Source of classification or shelving scheme Damaged status Not for loan Permanent Location Current Location Date acquired Accession Number Price effective from Koha item type
    Library of Congress Classification     NILE UNIVERSITY OF NIGERIA - MAIN LIBRARY NILE UNIVERSITY OF NIGERIA - MAIN LIBRARY 04/23/2025 0007836 04/23/2025 Books